[Event "Novokuznetsk-ch"]
[Site "Novokuznetsk"]
[Date "2014.12.06"]
[Round "6"]
[White "Sukiasyan, Artem"]
[Black "Bochkarev, Semen"]
[Result "0-1"]
[WhiteElo "1978"]
[BlackElo "1942"]
[PlyCount "70"]
[EventDate "2014.11.16"]
[EventType "swiss"]
[EventRounds "9"]
[EventCountry "RUS"]
[SourceTitle "EXT 2016"]
[Source "ChessBase"]
[SourceDate "2015.10.08"]
[SourceVersion "1"]
[SourceVersionDate "2015.10.08"]
[SourceQuality "1"]

1. e4 c5 2. b4 cxb4 3. Bb2 e6 4. d4 Nf6 5. Nd2 d5 6. e5 Nfd7 7. f4 Nb6 8. Ngf3 Nc6 9. Bb5 Bd7 10. Qe2 Rc8 11. 0-0 Na5 12. f5 Be7 13. fxe6 fxe6 14. Bxd7+ Qxd7 15. Ne1 g6 16. Nb3 Nac4 17. Bc1 Rf8 18. Rxf8+ Kxf8 19. Bh6+ Kg8 20. Nd3 Na4 21. Rf1 Bf8 22. Nbc5 Nxc5 23. Nxc5 Bxc5 24. dxc5 Qe7 25. h3 Qxc5+ 26. Kh1 Qe7 27. Rf6 Re8 28. h4 Nb6 29. Qf2 Nd7 30. Bg5 Nxf6 31. Bxf6 Qc7 32. Qxa7 Rc8 33. Qa4 Qxc2 34. Qd7 Qc1+ 35. Kh2 Qf4+ 0-1

[Event "Novokuznetsk-ch"]
[Site "Novokuznetsk"]
[Date "2014.11.30"]
[Round "5"]
[White "Martjushov, Vasily"]
[Black "Sukiasyan, Artem"]
[Result "1/2-1/2"]
[WhiteElo "2032"]
[BlackElo "1978"]
[PlyCount "60"]
[EventDate "2014.11.16"]
[EventType "swiss"]
[EventRounds "9"]
[EventCountry "RUS"]
[SourceTitle "EXT 2016"]
[Source "ChessBase"]
[SourceDate "2015.10.08"]
[SourceVersion "1"]
[SourceVersionDate "2015.10.08"]
[SourceQuality "1"]

1. d4 Nf6 2. e3 e6 3. Bd3 c5 4. c3 Nc6 5. f4 cxd4 6. exd4 Be7 7. Nf3 Qc7 8. 0-0 b6 9. Qe2 Bb7 10. Ba6 Bxa6 11. Qxa6 Nd5 12. Ne5 f6 13. Nxc6 Qxc6 14. Qe2 0-0 15. Nd2 Rae8 16. Ne4 d6 17. Bd2 e5 18. dxe5 dxe5 19. f5 Bc5+ 20. Kh1 a5 21. Rad1 Rd8 22. h3 Rd7 23. Bc1 Rfd8 24. Rde1 Kh8 25. a3 a4 26. h4 Nc7 27. h5 Bf8 28. Kh2 Nb5 29. Qg4 Nd6 30. Nxd6 Rxd6 1/2-1/2

[Event "Novokuznetsk-ch"]
[Site "Novokuznetsk"]
[Date "2014.11.23"]
[Round "3"]
[White "Stepikov, Pavel"]
[Black "Sukiasyan, Artem"]
[Result "1/2-1/2"]
[WhiteElo "1695"]
[BlackElo "1978"]
[PlyCount "83"]
[EventDate "2014.11.16"]
[EventType "swiss"]
[EventRounds "9"]
[EventCountry "RUS"]
[SourceTitle "EXT 2016"]
[Source "ChessBase"]
[SourceDate "2015.10.08"]
[SourceVersion "1"]
[SourceVersionDate "2015.10.08"]
[SourceQuality "1"]

1. b3 e5 2. Bb2 Nc6 3. e3 g6 4. Bb5 Bg7 5. f4 Nge7 6. Nf3 0-0 7. Nxe5 Nxe5 8. Bxe5 Bxe5 9. fxe5 a6 10. Bc4 Nc6 11. 0-0 Nxe5 12. Be2 d5 13. a4 Qg5 14. Qe1 Bh3 15. Qg3 Qxg3 16. hxg3 Bf5 17. Rc1 Rad8 18. d4 Ng4 19. Bxg4 Bxg4 20. c4 Rfe8 21. Kf2 Re6 22. Nc3 c6 23. Ra2 Re7 24. c5 g5 25. Re1 f5 26. Raa1 Rf8 27. b4 Bh5 28. b5 Rb8 29. bxc6 bxc6 30. Rab1 Reb7 31. Rxb7 Rxb7 32. Rb1 Rxb1 33. Nxb1 Kf7 34. a5 Ke7 35. Nc3 Kd7 36. Na2 Kc7 37. Nb4 Kb7 38. Nd3 Kc7 39. Nb4 Kb7 40. Nd3 Bf7 41. Ne5 Bh5 42. Nd3 1/2-1/2

[Event "Novokuznetsk SFO-ch U19"]
[Site "Novokuznetsk"]
[Date "2014.11.05"]
[Round "4"]
[White "Lazarev, Vladislav"]
[Black "Sukiasyan, Artem"]
[Result "1/2-1/2"]
[WhiteElo "2117"]
[BlackElo "1978"]
[PlyCount "141"]
[EventDate "2014.11.02"]
[EventType "swiss"]
[EventRounds "9"]
[EventCountry "RUS"]
[SourceTitle "CBM 163 Extra"]
[Source "ChessBase"]
[SourceDate "2014.12.23"]
[SourceVersion "1"]
[SourceVersionDate "2014.12.23"]
[SourceQuality "1"]

1. d4 Nf6 2. c4 c5 3. d5 e6 4. Nc3 exd5 5. cxd5 d6 6. Nf3 a6 7. a4 g6 8. Bf4 Bg7 9. h3 0-0 10. e3 Re8 11. Nd2 Nbd7 12. Bxd6 Nb6 13. Bxc5 Nfxd5 14. Bxb6 Nxb6 15. Be2 Qg5 16. Bf3 Bf5 17. a5 Nd7 18. Nde4 Bxc3+ 19. Nxc3 Nc5 20. h4 Qf6 21. Nd5 Qxb2 22. 0-0 Nb3 23. Ra4 Nd2 24. Rb4 Nxf3+ 25. Qxf3 Qe5 26. g4 Red8 27. Nb6 Qxa5 28. Qf4 Bd3 29. Nxa8 Bxf1 30. Kxf1 Rxa8 31. Rxb7 Qd5 32. Rb8+ Rxb8 33. Qxb8+ Kg7 34. Ke2 Qc4+ 35. Kf3 Qc3 36. g5 a5 37. Qb5 Qa1 38. Ke2 a4 39. Kd2 a3 40. Kc2 h5 41. Qb3 Qf1 42. Qxa3 Qxf2+ 43. Kd3 Qf5+ 44. Kd2 Qf2+ 45. Kd3 Qxh4 46. Qc3+ Kg8 47. Qf6 Qg4 48. Qd8+ Kh7 49. Qf8 Qf3 50. Kd4 Qf2 51. Ke4 h4 52. Kd4 Qd2+ 53. Ke4 Qa2 54. Kd3 Qd5+ 55. Ke2 Qg2+ 56. Ke1 Qxg5 57. Qxf7+ Kh6 58. Qf3 Qg1+ 59. Ke2 Qh2+ 60. Kf1 Qe5 61. Kf2 Qf5 62. Qf4+ Kh5 63. Kf3 Qh3+ 64. Kf2 Qg4 65. Qc7 Qf5+ 66. Kg2 Qe4+ 67. Kf2 Kg4 68. Qb6 h3 69. Qd4 Kf5 70. Qd7+ Kg5 71. Qxh3 1/2-1/2

[Event "Novokuznetsk Kustov op"]
[Site "Novokuznetsk"]
[Date "2014.10.25"]
[Round "8"]
[White "Morozov, Vasiliy"]
[Black "Sukiasyan, Artem"]
[Result "1-0"]
[WhiteElo "2055"]
[BlackElo "1994"]
[PlyCount "137"]
[EventDate "2014.09.28"]
[EventType "swiss"]
[EventRounds "9"]
[EventCountry "RUS"]
[SourceTitle "EXT 2018"]
[Source "ChessBase"]
[SourceDate "2017.10.13"]
[SourceVersion "1"]
[SourceVersionDate "2017.10.13"]
[SourceQuality "1"]

1. Nf3 Nf6 2. c4 c5 3. g3 g6 4. Nc3 Bg7 5. Bg2 0-0 6. 0-0 Nc6 7. d3 d6 8. a3 Rb8 9. Rb1 Ng4 10. Bd2 a5 11. e3 f5 12. d4 cxd4 13. exd4 h6 14. Nb5 e5 15. d5 Ne7 16. b4 b6 17. Qe1 Ra8 18. h3 Nf6 19. Qc1 Kh7 20. Rd1 Ne4 21. Be1 Bb7 22. Nd2 Nf6 23. h4 Qd7 24. Nc3 Rfc8 25. bxa5 bxa5 26. Qb2 Ba6 27. Qa2 Ng4 28. Bf3 Nf6 29. a4 e4 30. Bg2 Ng4 31. Nb5 e3 32. fxe3 Nxe3 33. Rdc1 Nxg2 34. Kxg2 f4 35. Nf3 Nf5 36. Bf2 fxg3 37. Bxg3 Nxg3 38. Kxg3 Rf8 39. Rb3 Bc8 40. Rh1 Qg4+ 41. Kf2 Qxc4 42. Ra3 Qg4 43. h5 g5 44. Qe2 Be5 45. Ke1 Qb4+ 46. Nd2 Bg7 47. Qc4 Qb2 48. Rb3 Qa1+ 49. Rb1 Qf6 50. Rf1 Re8+ 51. Kd1 Qe5 52. Nc7 Bh3 53. Nxe8 Bxf1 54. Qxf1 Rxe8 55. Qd3+ Kh8 56. Rb7 Qe1+ 57. Kc2 Rc8+ 58. Nc4 Qa1 59. Kb3 Qf6 60. Rb6 Bf8 61. Nxa5 Bg7 62. Nc4 Ra8 63. Rxd6 Qa1 64. a5 Rb8+ 65. Rb6 Rf8 66. d6 Qf6 67. d7 Qd8 68. Rc6 Qa8 69. Qd6 1-0

[Event "Novokuznetsk Kustov op"]
[Site "Novokuznetsk"]
[Date "2014.09.28"]
[Round "1"]
[White "Sukiasyan, Artem"]
[Black "Tsvetkov, Yury"]
[Result "1-0"]
[WhiteElo "1994"]
[BlackElo "1690"]
[PlyCount "71"]
[EventDate "2014.09.28"]
[EventType "swiss"]
[EventRounds "9"]
[EventCountry "RUS"]
[SourceTitle "EXT 2018"]
[Source "ChessBase"]
[SourceDate "2017.10.13"]
[SourceVersion "1"]
[SourceVersionDate "2017.10.13"]
[SourceQuality "1"]

1. e4 e5 2. Nc3 Nf6 3. Bc4 Nxe4 4. Qh5 Ng5 5. d4 Ne6 6. d5 g6 7. dxe6 dxe6 8. Qxe5 f6 9. Qe2 Kf7 10. Nf3 Nc6 11. Bf4 Bd6 12. Rd1 Na5 13. 0-0 Nxc4 14. Qxc4 Qe7 15. Rfe1 a6 16. Nd5 b5 17. Qc3 Qd8 18. Nxc7 Qxc7 19. Qxc7+ Bxc7 20. Bxc7 e5 21. Ba5 Bf5 22. c3 Be6 23. Nd2 Bf5 24. Ne4 Kg7 25. Rd6 Rhf8 26. Ng3 Bc8 27. Red1 Rf7 28. Ne4 Bf5 29. Nc5 h5 30. Ne6+ Kh6 31. Nd8 Rf8 32. Nc6 Rf7 33. Bd8 Kg7 34. Ne7 Bc2 35. R1d2 Rxd8 36. Rxd8 1-0

[Event "Novokuznetsk U21 op"]
[Site "Novokuznetsk"]
[Date "2014.06.18"]
[Round "7"]
[White "Sukiasyan, Artem"]
[Black "Marjina, Arina"]
[Result "0-1"]
[WhiteElo "2014"]
[BlackElo "1957"]
[PlyCount "50"]
[EventDate "2014.06.15"]
[EventType "swiss"]
[EventRounds "9"]
[EventCountry "RUS"]
[SourceTitle "EXT 2015"]
[Source "ChessBase"]
[SourceDate "2014.11.20"]
[SourceVersion "1"]
[SourceVersionDate "2014.11.20"]
[SourceQuality "1"]

1. e4 c5 2. Nf3 d6 3. d4 cxd4 4. Nxd4 Nf6 5. Nc3 a6 6. h3 e5 7. Nf3 Be7 8. Bc4 0-0 9. 0-0 Nc6 10. Be3 b5 11. Bb3 Be6 12. Nd5 Nxe4 13. Nb6 Bxb3 14. Nxa8 Be6 15. Nb6 d5 16. c3 Bc5 17. Bxc5 Nxc5 18. c4 Qxb6 19. cxd5 Rd8 20. Qc2 Rxd5 21. Ng5 g6 22. b4 Nxb4 23. Qc3 Nc6 24. Rac1 Nd4 25. Rfd1 Ne2+ 0-1

[Event "Novokuznetsk U21 op"]
[Site "Novokuznetsk"]
[Date "2014.06.17"]
[Round "5"]
[White "Sukiasyan, Artem"]
[Black "Kuzmichev, Alexander"]
[Result "1-0"]
[WhiteElo "2014"]
[BlackElo "2135"]
[PlyCount "81"]
[EventDate "2014.06.15"]
[EventType "swiss"]
[EventRounds "9"]
[EventCountry "RUS"]
[SourceTitle "EXT 2015"]
[Source "ChessBase"]
[SourceDate "2014.11.20"]
[SourceVersion "1"]
[SourceVersionDate "2014.11.20"]
[SourceQuality "1"]

1. e4 e5 2. Nc3 Nf6 3. Bc4 Nxe4 4. Qh5 Nd6 5. Bb3 Nc6 6. Nb5 g6 7. Qf3 f5 8. Qd5 Qf6 9. Nxc7+ Kd8 10. Nxa8 b6 11. Qf3 Nd4 12. Qh3 Bb7 13. d3 f4 14. Nf3 Nxf3+ 15. gxf3 Nf5 16. Ba4 Bxa8 17. Bd2 b5 18. Ba5+ Ke8 19. Bxb5 Qd6 20. Bc3 h5 21. 0-0-0 Bg7 22. Rhe1 Kf7 23. Bc4+ Bd5 24. Qf1 Rc8 25. Qe2 Bxc4 26. dxc4 Qe6 27. Qd3 d6 28. b3 g5 29. Qe4 Rc7 30. Rd2 Kf6 31. Red1 Bf8 32. Rd5 Rc5 33. b4 Rxd5 34. Rxd5 Ne7 35. Ra5 d5 36. cxd5 Qf5 37. Bxe5+ Kf7 38. Qxf5+ Nxf5 39. Rxa7+ Ke8 40. Ra8+ Kf7 41. Rxf8+ 1-0

[Event "Novokuznetsk U21 op"]
[Site "Novokuznetsk"]
[Date "2014.06.16"]
[Round "3"]
[White "Sukiasyan, Artem"]
[Black "Buts, Nikita"]
[Result "0-1"]
[WhiteElo "2014"]
[BlackElo "1961"]
[PlyCount "72"]
[EventDate "2014.06.15"]
[EventType "swiss"]
[EventRounds "9"]
[EventCountry "RUS"]
[SourceTitle "EXT 2015"]
[Source "ChessBase"]
[SourceDate "2014.11.20"]
[SourceVersion "1"]
[SourceVersionDate "2014.11.20"]
[SourceQuality "1"]

1. e4 e6 2. d4 d5 3. exd5 exd5 4. Bd3 Bd6 5. Qf3 Nf6 6. Bg5 Bg4 7. Qe3+ Qe7 8. Bxf6 gxf6 9. Qxe7+ Kxe7 10. f3 Bh5 11. Kf2 Nc6 12. c3 Bg6 13. Bb5 Nd8 14. Nd2 c6 15. Re1+ Kd7 16. Ba4 Ne6 17. c4 Nf4 18. Ra1 Nd3+ 19. Kf1 Bb4 20. cxd5 Bxd2 21. dxc6+ bxc6 22. d5 Rab8 23. dxc6+ Kc7 24. Ne2 Rxb2 25. h4 Nc5 26. Bb3 Re8 27. Ng3 Nxb3 28. axb3 Rb1+ 29. Rxb1 Bxb1 30. h5 Bd3+ 31. Kg1 Bb1 32. Kh2 Re1 33. Nf1 Bc1 34. g4 Bf4+ 35. Kh3 Bd3 36. Ng3 Bxg3 0-1

[Event "Novokuznetsk U21 op"]
[Site "Novokuznetsk"]
[Date "2014.06.16"]
[Round "2"]
[White "Sukiasyan, Artem"]
[Black "Kytin, Makar"]
[Result "1-0"]
[WhiteElo "2014"]
[BlackElo "1740"]
[PlyCount "91"]
[EventDate "2014.06.15"]
[EventType "swiss"]
[EventRounds "9"]
[EventCountry "RUS"]
[SourceTitle "EXT 2015"]
[Source "ChessBase"]
[SourceDate "2014.11.20"]
[SourceVersion "1"]
[SourceVersionDate "2014.11.20"]
[SourceQuality "1"]

1. e4 c5 2. Nf3 d6 3. d4 cxd4 4. Nxd4 Nf6 5. Nc3 a6 6. h3 e5 7. Nf3 Be6 8. Ng5 Qd7 9. Be2 h6 10. Nxe6 Qxe6 11. Nd5 Nxd5 12. exd5 Qd7 13. 0-0 Be7 14. c4 0-0 15. Qd3 Qc7 16. a3 Nd7 17. b4 Rae8 18. Be3 f5 19. f4 e4 20. Qb3 Kh8 21. Rac1 Rc8 22. Rfd1 Rfd8 23. Kh1 b6 24. Rd2 Bf8 25. Rdc2 a5 26. Bh5 Be7 27. Bf7 Rf8 28. Be6 axb4 29. axb4 Rcd8 30. Rd1 Nf6 31. Rcd2 Ne8 32. Kh2 Kh7 33. Qc2 g6 34. Qb3 Ng7 35. Ra1 Nxe6 36. dxe6 Rc8 37. c5 bxc5 38. bxc5 Rfd8 39. cxd6 Rxd6 40. Ra7 Qd8 41. Qb7 Rxd2 42. Qxe7+ Qxe7 43. Rxe7+ Kg8 44. Bxd2 Kf8 45. Rh7 Rc6 46. e7+ 1-0

[Event "Novokuznetsk Spring op"]
[Site "Novokuznetsk"]
[Date "2014.04.27"]
[Round "9"]
[White "Shamne, Anton"]
[Black "Sukiasyan, Artem"]
[Result "1-0"]
[WhiteElo "2177"]
[BlackElo "2007"]
[PlyCount "99"]
[EventDate "2014.03.29"]
[EventType "swiss"]
[EventRounds "9"]
[EventCountry "RUS"]
[SourceTitle "EXT 2015"]
[Source "ChessBase"]
[SourceDate "2014.11.20"]
[SourceVersion "1"]
[SourceVersionDate "2014.11.20"]
[SourceQuality "1"]

1. e4 c5 2. Nf3 Nc6 3. d4 cxd4 4. Nxd4 Nf6 5. Nc3 d6 6. Be2 e5 7. Nb3 Be7 8. Be3 0-0 9. g4 a5 10. a4 Nb4 11. g5 Ne8 12. h4 Be6 13. Nd5 Nxd5 14. exd5 Bf5 15. Bd3 Qd7 16. Qe2 Nc7 17. c4 Na6 18. Bd2 Nb4 19. Bxf5 Qxf5 20. Bxb4 axb4 21. Nd2 f6 22. gxf6 Rxf6 23. Ne4 Rh6 24. a5 Bg5 25. b3 Bf4 26. Kf1 g5 27. Kg2 Kf7 28. Ng3 Qd7 29. Qe4 b6 30. Nf5 Rf6 31. Ne3 Kg8 32. Qf3 Raf8 33. Qg4 Qc7 34. Rhf1 Qc5 35. Nc2 Bd2 36. f3 Bf4 37. Rae1 Rf5 38. Re4 Bd2 39. Rf2 Bf4 40. Ne1 h6 41. Nd3 Qxa5 42. Nxf4 exf4 43. Re6 Qc5 44. Rg6+ Kh7 45. Re2 Qd4 46. Re7+ R8f7 47. Qxf5 Qd2+ 48. Kh3 Rxe7 49. Rxh6+ Kg8 50. Qg6+ 1-0

[Event "Novokuznetsk Spring op"]
[Site "Novokuznetsk"]
[Date "2014.04.20"]
[Round "7"]
[White "Buts, Nikita"]
[Black "Sukiasyan, Artem"]
[Result "0-1"]
[WhiteElo "1944"]
[BlackElo "2007"]
[PlyCount "84"]
[EventDate "2014.03.29"]
[EventType "swiss"]
[EventRounds "9"]
[EventCountry "RUS"]
[SourceTitle "EXT 2015"]
[Source "ChessBase"]
[SourceDate "2014.11.20"]
[SourceVersion "1"]
[SourceVersionDate "2014.11.20"]
[SourceQuality "1"]

1. d4 Nf6 2. c4 c5 3. d5 e6 4. Nc3 exd5 5. cxd5 d6 6. g3 g6 7. Bg2 a6 8. a4 Bg7 9. Nf3 0-0 10. 0-0 Nbd7 11. Nd2 Qe7 12. Qb3 Re8 13. a5 Ne5 14. f4 Neg4 15. Nc4 Bf5 16. h3 Nh6 17. e4 Nxe4 18. Nxe4 Bxe4 19. Re1 f5 20. Bxe4 fxe4 21. Ra4 Nf5 22. Kg2 Nd4 23. Qd1 Rad8 24. Be3 Qd7 25. b4 Qb5 26. bxc5 dxc5 27. Nb6 Qb2+ 28. Kh1 Nf5 29. g4 Nxe3 30. Rxe3 Bd4 31. Re2 Qc3 32. Kh2 Qf3 33. f5 Be5+ 34. Kg1 Qg3+ 35. Rg2 Qxh3 36. Rxe4 Bd4+ 37. Rxd4 cxd4 38. f6 Qe3+ 39. Rf2 Qg3+ 40. Rg2 Re1+ 41. Qxe1 Qxe1+ 42. Kh2 Qxa5 0-1

[Event "Novokuznetsk-ch"]
[Site "Novokuznetsk"]
[Date "2013.12.15"]
[Round "9"]
[White "Zavyalov, Mikhail"]
[Black "Sukiasyan, Artem"]
[Result "0-1"]
[WhiteElo "2165"]
[BlackElo "1949"]
[PlyCount "68"]
[EventDate "2013.11.17"]
[EventType "swiss"]
[EventRounds "9"]
[EventCountry "RUS"]
[SourceTitle "EXT 2015"]
[Source "ChessBase"]
[SourceDate "2014.11.20"]
[SourceVersion "1"]
[SourceVersionDate "2014.11.20"]
[SourceQuality "1"]

1. Nf3 d5 2. d4 Nf6 3. c4 c6 4. Qc2 g6 5. g3 Bg7 6. Bg2 0-0 7. 0-0 Bf5 8. Qb3 Qb6 9. Nc3 Nbd7 10. cxd5 Nxd5 11. Qd1 Nxc3 12. bxc3 Be4 13. Bh3 Bxf3 14. exf3 e6 15. Rb1 Qxb1 16. Qe2 Qb6 17. Bg2 a5 18. f4 Qa6 19. Qf3 Qc4 20. g4 Qxa2 21. f5 exf5 22. gxf5 a4 23. Bg5 a3 24. f6 Nxf6 25. Bxf6 Bxf6 26. Qxf6 Qb2 27. Be4 a2 28. h4 a1Q 29. h5 Qxf1+ 30. Kxf1 Qc1+ 31. Kg2 Ra1 32. hxg6 hxg6 33. d5 Qh1+ 34. Kg3 Qxe4 0-1

[Event "Novokuznetsk-ch"]
[Site "Novokuznetsk"]
[Date "2013.11.24"]
[Round "3"]
[White "Sukiasyan, Artem"]
[Black "Guliashvili, Liana"]
[Result "1/2-1/2"]
[WhiteElo "1949"]
[BlackElo "2008"]
[PlyCount "120"]
[EventDate "2013.11.17"]
[EventType "swiss"]
[EventRounds "9"]
[EventCountry "RUS"]
[SourceTitle "EXT 2015"]
[Source "ChessBase"]
[SourceDate "2014.11.20"]
[SourceVersion "1"]
[SourceVersionDate "2014.11.20"]
[SourceQuality "1"]

1. e4 e6 2. d4 d5 3. Nc3 dxe4 4. Nxe4 Nd7 5. Nf3 Ngf6 6. Nxf6+ Nxf6 7. Ne5 Be7 8. c3 0-0 9. Bd3 c5 10. Be3 cxd4 11. Bxd4 Nd7 12. Qh5 f5 13. Rd1 Nxe5 14. Bxe5 Qe8 15. Qxe8 Rxe8 16. Bb5 Rf8 17. 0-0 Bf6 18. Rfe1 Kf7 19. Bc7 a6 20. Bd7 Bxd7 21. Rxd7+ Ke8 22. Rd6 Rc8 23. Rdxe6+ Kf7 24. Ba5 Rfe8 25. Rxe8 Rxe8 26. Rxe8 Kxe8 27. Bb6 Bg5 28. g3 Bc1 29. b4 Kd7 30. f4 Kc6 31. Bd4 g6 32. Kf2 a5 33. bxa5 Kb5 34. Ke2 Kxa5 35. Kd3 Kb5 36. Kc2 Ba3 37. Kb3 Be7 38. a3 g5 39. a4+ Kc6 40. Kc4 g4 41. a5 h5 42. Bb6 Bf6 43. Kd3 Kb5 44. c4+ Kc6 45. Bd4 Bd8 46. Bb6 Bf6 47. Ke3 Kd6 48. Kd3 Kc6 49. Kc2 Kd6 50. Kb3 h4 51. Kb4 Kc6 52. Bf2 h3 53. Be3 Be7+ 54. Kc3 Bd8 55. Bb6 Bf6+ 56. Kb3 Bg7 57. Kb4 Bf6 58. Be3 Be7+ 59. Kc3 Bd8 60. Bb6 Bf6+ 1/2-1/2

[Event "Novokuznetsk-ch"]
[Site "Novokuznetsk"]
[Date "2013.11.23"]
[Round "2"]
[White "Leonov, A."]
[Black "Sukiasyan, Artem"]
[Result "1-0"]
[WhiteElo "2141"]
[BlackElo "1949"]
[PlyCount "75"]
[EventDate "2013.11.17"]
[EventType "swiss"]
[EventRounds "9"]
[EventCountry "RUS"]
[SourceTitle "EXT 2015"]
[Source "ChessBase"]
[SourceDate "2014.11.20"]
[SourceVersion "1"]
[SourceVersionDate "2014.11.20"]
[SourceQuality "1"]

1. e4 c5 2. f4 Nc6 3. Nf3 g6 4. d4 cxd4 5. Nxd4 Bg7 6. c3 d6 7. Be3 Nf6 8. Nd2 0-0 9. Be2 Qd7 10. 0-0 Ng4 11. Bxg4 Qxg4 12. N2f3 Bd7 13. Ne2 h6 14. Qd3 Rad8 15. h3 Qe6 16. Ned4 Qf6 17. Rad1 e5 18. Ne2 Be6 19. Qb5 Qe7 20. fxe5 Nxe5 21. Nxe5 dxe5 22. Bc5 Qc7 23. Bxf8 Rxf8 24. b3 Qe7 25. Rf3 g5 26. Ng3 g4 27. Nf5 Bxf5 28. Rxf5 gxh3 29. gxh3 Qh4 30. Qd3 Kh8 31. Qf3 Qe7 32. Kh2 Qa3 33. Rd2 Qc1 34. Rg2 f6 35. Qg3 Rg8 36. Rxf6 Qg5 37. Qxg5 hxg5 38. Rg6 1-0

[Event "Novokuznetsk op"]
[Site "Novokuznetsk"]
[Date "2013.08.12"]
[Round "2"]
[White "Sukiasyan, Artem"]
[Black "Chernov, Mikhail"]
[Result "1/2-1/2"]
[WhiteElo "1946"]
[BlackElo "2229"]
[PlyCount "148"]
[EventDate "2013.08.11"]
[EventType "swiss"]
[EventRounds "9"]
[EventCountry "RUS"]
[SourceTitle "CBM 156 Extra"]
[Source "ChessBase"]
[SourceDate "2013.10.22"]
[SourceVersion "1"]
[SourceVersionDate "2013.10.22"]
[SourceQuality "1"]

1. e4 Nf6 2. e5 Nd5 3. d4 d6 4. Nf3 Bg4 5. Be2 e6 6. 0-0 Nc6 7. c4 Nb6 8. exd6 cxd6 9. d5 exd5 10. cxd5 Bxf3 11. Bxf3 Ne5 12. Be2 Be7 13. Nc3 0-0 14. f4 Ned7 15. Bd3 Rc8 16. Rf3 g6 17. Rh3 Nc5 18. Bc2 Bf6 19. f5 Bg7 20. Rb1 a5 21. g4 Re8 22. g5 Be5 23. Kf1 Qd7 24. Qg4 h5 25. gxh6 Kh8 26. Bf4 Nc4 27. Bxe5+ Nxe5 28. Qh4 Qe7 29. f6 Qd7 30. h7 Ng4 31. Rg3 Ne3+ 32. Kg1 Nf5 33. Bxf5 Qxf5 34. Rf1 Qh5 35. Qxh5 gxh5 36. Rg7 Rf8 37. Nb5 Ne4 38. Nd4 Nxf6 39. Rg5 Nxh7 40. Rxh5 Rc5 41. Kh1 Rg8 42. h4 Rg4 43. Rxf7 Rxd4 44. Rhxh7+ Kg8 45. Rfg7+ Kf8 46. Rxb7 Kg8 47. Rhd7 Rc8 48. Rg7+ Kf8 49. Rh7 Kg8 50. Rbg7+ Kf8 51. Rd7 Kg8 52. Rhg7+ Kf8 53. Rg2 Rc1+ 54. Kh2 Rxd5 55. h5 Rcc5 56. h6 Rh5+ 57. Kg1 Rc1+ 58. Kf2 Rc2+ 59. Kf3 Rh3+ 60. Kg4 Rxg2+ 61. Kxh3 Rxb2 62. Ra7 Kg8 63. Rxa5 Kh7 64. Ra6 Kxh6 65. Rxd6+ Kg7 66. a4 Rb3+ 67. Kg2 Ra3 68. Ra6 Kf7 69. Kf2 Ke7 70. Ke2 Kd7 71. Kd2 Kc7 72. Kc2 Kb7 73. Ra5 Kb6 74. Rb5+ Ka6 1/2-1/2

[Event "Novokuznetsk Summer op"]
[Site "Novokuznetsk"]
[Date "2013.06.26"]
[Round "8"]
[White "Sukiasyan, Artem"]
[Black "Kuzmichev, Alexander"]
[Result "0-1"]
[WhiteElo "1945"]
[BlackElo "2086"]
[PlyCount "54"]
[EventDate "2013.06.17"]
[EventType "swiss"]
[EventRounds "9"]
[EventCountry "RUS"]
[SourceTitle "EXT 2014"]
[Source "ChessBase"]
[SourceDate "2013.11.20"]
[SourceVersion "1"]
[SourceVersionDate "2013.11.20"]
[SourceQuality "1"]

1. e4 e5 2. Nc3 Nf6 3. Bc4 d6 4. d3 Nc6 5. f4 Bg4 6. Nf3 Nd4 7. Be3 Bxf3 8. gxf3 Nh5 9. fxe5 dxe5 10. Nb5 Bc5 11. c3 Nc2+ 12. Qxc2 Bxe3 13. Ke2 Bb6 14. Rae1 c6 15. Na3 Nf4+ 16. Kd1 Qd7 17. Kc1 0-0-0 18. Rd1 f6 19. Rhe1 Qh3 20. Rf1 Kb8 21. d4 exd4 22. cxd4 Rxd4 23. Rxd4 Bxd4 24. Rd1 Rd8 25. Qb3 Qxh2 26. Ba6 Qxb2+ 27. Qxb2 Bxb2+ 0-1

[Event "Novokuznetsk Summer op"]
[Site "Novokuznetsk"]
[Date "2013.06.24"]
[Round "6"]
[White "Sukiasyan, Artem"]
[Black "Golovina, Darya"]
[Result "0-1"]
[WhiteElo "1945"]
[BlackElo "1973"]
[PlyCount "40"]
[EventDate "2013.06.17"]
[EventType "swiss"]
[EventRounds "9"]
[EventCountry "RUS"]
[SourceTitle "EXT 2014"]
[Source "ChessBase"]
[SourceDate "2013.11.20"]
[SourceVersion "1"]
[SourceVersionDate "2013.11.20"]
[SourceQuality "1"]

1. e4 d5 2. exd5 Qxd5 3. Nc3 Qa5 4. d4 c6 5. Bc4 Nf6 6. Nf3 Bg4 7. h3 Bh5 8. Bd2 e6 9. g4 Bg6 10. Ne5 Qc7 11. Qe2 Bb4 12. Bb3 Nbd7 13. h4 Bxc3 14. bxc3 Be4 15. f3 Nxe5 16. dxe5 Bxf3 17. Qxf3 Qxe5+ 18. Qe2 Qg3+ 19. Kd1 0-0-0 20. g5 Qxc3 0-1

[Event "Novokuznetsk-ch"]
[Site "Novokuznetsk"]
[Date "2013.05.12"]
[Round "9"]
[White "Nigametzianov, Mikhail"]
[Black "Sukiasyan, Artem"]
[Result "1-0"]
[WhiteElo "2403"]
[BlackElo "1867"]
[PlyCount "79"]
[EventDate "2013.05.01"]
[EventType "swiss"]
[EventRounds "9"]
[EventCountry "RUS"]
[SourceTitle "CBM 154 Extra"]
[Source "ChessBase"]
[SourceDate "2013.06.25"]
[SourceVersion "2"]
[SourceVersionDate "2013.06.25"]
[SourceQuality "1"]

1. d4 Nf6 2. Nf3 d5 3. c4 c6 4. e3 e6 5. Nc3 Nbd7 6. Qc2 Bd6 7. Bd3 Qc7 8. Bd2 dxc4 9. Bxc4 Nb6 10. Bd3 a6 11. e4 Bf4 12. e5 Bxd2+ 13. Qxd2 Nfd5 14. Ne4 0-0 15. 0-0 f5 16. exf6 Nxf6 17. Rfe1 Nbd5 18. Ne5 Bd7 19. Nc5 Bc8 20. Rac1 Re8 21. Bb1 b6 22. Ne4 Bd7 23. Ng5 Re7 24. a3 a5 25. Ngf3 Rc8 26. g3 Rf8 27. Qc2 Rc8 28. Ng5 h6 29. Ngf3 Be8 30. h4 Bh5 31. Nh2 Be8 32. Nhg4 h5 33. Nh2 Qd6 34. Nhf3 Bd7 35. Ng5 Kf8 36. Ng6+ Ke8 37. Nxe7 Nxe7 38. Ba2 Nfd5 39. Qe4 Nf5 40. Qxf5 1-0

[Event "Novokuznetsk-ch"]
[Site "Novokuznetsk"]
[Date "2013.05.05"]
[Round "5"]
[White "Sukiasyan, Artem"]
[Black "Vorobyova, Alyona"]
[Result "1-0"]
[WhiteElo "1867"]
[BlackElo "2001"]
[PlyCount "73"]
[EventDate "2013.05.01"]
[EventType "swiss"]
[EventRounds "9"]
[EventCountry "RUS"]
[SourceTitle "CBM 154 Extra"]
[Source "ChessBase"]
[SourceDate "2013.06.25"]
[SourceVersion "2"]
[SourceVersionDate "2013.06.25"]
[SourceQuality "1"]

1. d4 Nf6 2. c4 c5 3. d5 e6 4. Nc3 exd5 5. cxd5 d6 6. e4 g6 7. f4 Bg7 8. Bb5+ Bd7 9. e5 dxe5 10. fxe5 Nh5 11. Nf3 0-0 12. 0-0 Bg4 13. Re1 a6 14. Bd3 Re8 15. e6 fxe6 16. dxe6 Nc6 17. e7 Rxe7 18. Bc4+ Kh8 19. Qxd8+ Rxd8 20. Rxe7 Nxe7 21. Ng5 Bd4+ 22. Kf1 Rf8+ 23. Ke1 Kg7 24. a4 Nc6 25. h3 Bc8 26. Ne2 Re8 27. Nf7 g5 28. Bxg5 Ne5 29. Nd6 Rf8 30. Be7 Rh8 31. g4 Nf3+ 32. Kd1 Nf6 33. Nf4 Bd7 34. h4 Be5 35. g5 Ng4 36. Nh5+ Kg6 37. Bf7# 1-0

[Event "Novokuznetsk Spring op"]
[Site "Novokuznetsk"]
[Date "2013.04.28"]
[Round "9"]
[White "Sukiasyan, Artem"]
[Black "Spirin, Alexandr"]
[Result "0-1"]
[WhiteElo "1867"]
[BlackElo "1950"]
[PlyCount "34"]
[EventDate "2013.03.31"]
[EventType "swiss"]
[EventRounds "9"]
[EventCountry "RUS"]
[SourceTitle "EXT 2015"]
[Source "ChessBase"]
[SourceDate "2014.11.20"]
[SourceVersion "1"]
[SourceVersionDate "2014.11.20"]
[SourceQuality "1"]

1. e4 Nc6 2. Nf3 e5 3. d4 exd4 4. Nxd4 Qh4 5. Nc3 Bb4 6. Be2 Bxc3+ 7. bxc3 Qxe4 8. Nb5 Kd8 9. 0-0 a6 10. Nxc7 Kxc7 11. Be3 Nf6 12. Bf3 Qc4 13. Rb1 d6 14. Bb6+ Kd7 15. Qd2 Ne5 16. Be2 Qd5 17. Qg5 Nf3+ 0-1